PSG Top Scorers in Every Champions League Season - Statistics

General Stats
  • This quiz has been taken 226 times
    117 since last reset
  • The average score is 13 of 18
Answer Stats
Competitions Goals Answer % Correct
Champions League 2020-21 8 Kylian Mbappé
100%
Champions League 2021-22 6 Kylian Mbappé
100%
Champions League 2022-23 7 Kylian Mbappé
100%
Champions League 2023-24 8 Kylian Mbappé
100%
Champions League 2019-20 5 Mauro Icardi / Kylian Mbappé
100%
Champions League 2024-25 8 Ousmane Dembélé
97%
Champions League 2014-15 6 Edinson Cavani
96%
Champions League 2016-17 8 Edinson Cavani
96%
Champions League 2017-18 7 Edinson Cavani
96%
Champions League 2013-14 10 Zlatan Ibrahimović
96%
Champions League 2015-16 5 Zlatan Ibrahimović
96%
Champions League 2018-19 5 Neymar
93%
Champions League 1994-95 8 George Weah
49%
Champions League 2004-05 1 Charles-Édouard Coridon / Fabrice Pancrate / Pauleta
48%
Champions League 2012-13 5 Ezequiel Lavezzi
45%
Champions League 2000-01 5 Nicolas Anelka / Christian
19%
Champions League 1997-98 3 Marco Simone
8%
European Cup 1986-87 1 Vahid Halilhodžić / Jean-Marc Pilorget
7%
No matching quizzes found
Score Distribution
Percent of People with Each Score
Percentile by Number Answered
Your Score History
You have not taken this quiz since the last reset